[Event "Mecklenburg VP LL2 West 2122"]
[Site "Mecklenburg VP"]
[Date "2021.10.24"]
[Round "1.2"]
[White "Buss, Stephan"]
[Black "Petrow, Jonas"]
[Result "0-1"]
[WhiteElo "1984"]
[BlackElo "1811"]
[PlyCount "80"]
[EventDate "2021.10.24"]
[EventType "team-tourn"]
[EventRounds "9"]
[EventCountry "GER"]
[SourceTitle "EXT 2024"]
[Source "ChessBase"]
[SourceDate "2023.10.10"]
[SourceVersion "1"]
[SourceVersionDate "2023.10.10"]
[SourceQuality "1"]
[WhiteTeam "Kuehlungsborn SV Empor"]
[BlackTeam "Rostock Makkabi"]
[WhiteTeamCountry "GER"]
[BlackTeamCountry "GER"]

1. e4 c5 2. Nc3 Nc6 3. g3 g6 4. Bg2 Bg7 5. d3 e6 6. Be3 Nd4 7. Nf3 Ne7 8. Qd2 0-0 9. a4 d5 10. Nd1 Nxf3+ 11. Bxf3 d4 12. Bh6 e5 13. h4 f5 14. Bxg7 Kxg7 15. h5 f4 16. b3 g5 17. Nb2 h6 18. Qe2 Qd7 19. gxf4 Rxf4 20. Kd2 Qe6 21. Rag1 Bd7 22. Bg2 Raf8 23. f3 Qf6 24. Rh2 Bg4 25. Rf1 Bxf3 26. Bxf3 Rxf3 27. Rxf3 Qxf3 28. Nc4 Qf4+ 29. Kd1 b6 30. Rh1 Rf6 31. Nd2 Qf2 32. Qg4 Kf7 33. Nc4 Qf4 34. Qe2 Ke6 35. Nd2 Qg3 36. Kc1 Rf2 37. Qe1 Qf4 38. Rg1 Nc6 39. Qd1 Ke7 40. Rg4 Rxd2 0-1

[Event "Mecklenburg VP-ch MT"]
[Site "Greifswald"]
[Date "2021.06.24"]
[Round "1"]
[White "Buss, Stephan"]
[Black "Bartel, Jethro Aldrich"]
[Result "1-0"]
[WhiteElo "1997"]
[BlackElo "1530"]
[PlyCount "60"]
[EventDate "2021.06.24"]
[EventType "swiss"]
[EventRounds "7"]
[EventCountry "GER"]
[SourceTitle "EXT 2022"]
[Source "ChessBase"]
[SourceDate "2021.10.06"]
[SourceVersion "1"]
[SourceVersionDate "2021.10.06"]
[SourceQuality "1"]

1. e4 c5 2. c4 Nc6 3. g3 d6 4. Bg2 Nf6 5. Nc3 g6 6. Nge2 Bg7 7. 0-0 0-0 8. h3 Rb8 9. f4 Nd7 10. g4 Nd4 11. Nxd4 cxd4 12. Ne2 b5 13. cxb5 Rxb5 14. d3 a5 15. b3 Qb6 16. f5 Ba6 17. Bg5 Re8 18. Bh4 Rc5 19. Bf2 Rc7 20. Nf4 Qb5 21. a4 Qb8 22. g5 Rb7 23. Rb1 Be5 24. Qd2 Bxf4 25. Qxf4 Bxd3 26. Bxd4 Bxb1 27. fxg6 Nf6 28. gxh7+ Kxh7 29. Qh4+ Kg8 30. gxf6 exf6 1-0

[Event "Mecklenburg VP LL2 West 1819"]
[Site "Mecklenburg VP"]
[Date "2019.02.24"]
[Round "6.3"]
[White "Tuchtenhagen, Harald"]
[Black "Buss, Stephan"]
[Result "1/2-1/2"]
[WhiteElo "1913"]
[BlackElo "1955"]
[PlyCount "117"]
[EventDate "2018.10.21"]
[EventType "team-tourn"]
[EventRounds "9"]
[EventCountry "GER"]
[SourceTitle "EXT 2022"]
[Source "ChessBase"]
[SourceDate "2021.10.06"]
[SourceVersion "1"]
[SourceVersionDate "2021.10.06"]
[SourceQuality "1"]
[WhiteTeam "Parchim SV Blau-Weiss 69"]
[BlackTeam "Kuehlungsborn SV Empor"]
[WhiteTeamCountry "GER"]
[BlackTeamCountry "GER"]

1. e4 Nc6 2. d4 d5 3. Bb5 a6 4. Bxc6+ bxc6 5. Nc3 e6 6. Nge2 Nf6 7. 0-0 Be7 8. Ng3 Bb7 9. e5 Nd7 10. Qg4 g6 11. Bh6 c5 12. Nce2 cxd4 13. Qxd4 c5 14. Qa4 Qb6 15. c3 Qc6 16. Qxc6 Bxc6 17. Rfe1 Nb6 18. Nf4 Rg8 19. Nh3 Kd7 20. Bg5 Rab8 21. Bxe7 Kxe7 22. b3 a5 23. f4 Rb7 24. Nf1 Rd8 25. Nd2 Na8 26. c4 Nc7 27. Rac1 Na6 28. Nf2 a4 29. Nd3 dxc4 30. Nxc5 Nxc5 31. Nxc4 Bd5 32. Nd6 Rc7 33. Nb5 Rb7 34. Rxc5 axb3 35. axb3 Bxb3 36. Nd6 Rb4 37. g3 Bd5 38. Rc7+ Rd7 39. Rc8 Ra7 40. Rec1 Rb2 41. Re8+ Kd7 42. Rf8 Ra8 43. Rxf7+ Kd8 44. Rxh7 Rba2 45. Rh8+ Kd7 46. Rh7+ Kd8 47. Rhc7 Rg2+ 48. Kf1 Rxh2 49. Rc8+ Rxc8 50. Rxc8+ Kd7 51. Rg8 Kc6 52. Rxg6 Kc5 53. Nf7 Kd4 54. Rh6 Rg2 55. Rxe6 Rxg3 56. Rd6 Rf3+ 57. Kg1 Rxf4 58. Rf6 Rg4+ 59. Kh2 1/2-1/2

[Event "Mecklenburg VP-ch MT"]
[Site "Neubrandenburg"]
[Date "2018.05.01"]
[Round "7.6"]
[White "Buss, Stephan"]
[Black "Ehlers, Michael2222"]
[Result "1-0"]
[WhiteElo "1956"]
[BlackElo "1950"]
[PlyCount "47"]
[EventDate "2018.04.28"]
[EventType "swiss"]
[EventRounds "7"]
[EventCountry "GER"]
[SourceTitle "EXT 2023"]
[Source "ChessBase"]
[SourceDate "2022.10.05"]
[SourceVersion "1"]
[SourceVersionDate "2022.10.05"]
[SourceQuality "1"]

1. h3 e5 2. d4 exd4 3. Nf3 d5 4. Nxd4 c5 5. Nb5 Qa5+ 6. N1c3 d4 7. b4 Qd8 8. Bf4 Na6 9. Ne4 Nf6 10. Ned6+ Bxd6 11. Nxd6+ Kf8 12. b5 Nb4 13. e4 Qe7 14. Bd3 Nfd5 15. Bg3 Nc3 16. Qh5 b6 17. 0-0 Nbxa2 18. Bc4 Be6 19. Nf5 Bxf5 20. Qxf5 Nxe4 21. Bxa2 g6 22. Qf4 f5 23. Rfe1 Qf6 24. Rxe4 1-0

[Event "Mecklenburg VP-ch MT"]
[Site "Neubrandenburg"]
[Date "2018.04.28"]
[Round "2.2"]
[White "Buss, Stephan"]
[Black "Kuersten, Ruediger"]
[Result "0-1"]
[WhiteElo "1956"]
[BlackElo "2173"]
[PlyCount "118"]
[EventDate "2018.04.28"]
[EventType "swiss"]
[EventRounds "7"]
[EventCountry "GER"]
[SourceTitle "EXT 2023"]
[Source "ChessBase"]
[SourceDate "2022.10.05"]
[SourceVersion "1"]
[SourceVersionDate "2022.10.05"]
[SourceQuality "1"]

1. e4 c6 2. Nc3 d5 3. Nf3 dxe4 4. Nxe4 Bg4 5. h3 Bxf3 6. Qxf3 e6 7. c3 Nd7 8. d4 Ngf6 9. Bd3 Nxe4 10. Bxe4 Nf6 11. Bc2 Qd5 12. Qxd5 cxd5 13. Bf4 0-0-0 14. 0-0-0 Bd6 15. Bxd6 Rxd6 16. Rde1 Kd7 17. g4 b5 18. Kd2 Rb8 19. a3 a5 20. Bd3 b4 21. axb4 axb4 22. Ra1 Rdb6 23. Ra7+ R6b7 24. Rha1 bxc3+ 25. bxc3 g6 26. Ke3 h6 27. Kf4 Ke7 28. h4 Nd7 29. g5 hxg5+ 30. hxg5 Rb3 31. R1a3 Rxa3 32. Rxa3 Rb7 33. f3 Kf8 34. Ra8+ Kg7 35. Ra6 Rc7 36. Bb5 Nf8 37. Ra3 f6 38. Bd3 Nh7 39. gxf6+ Kxf6 40. Kg4 Ng5 41. Bb5 Nf7 42. Be2 Nd6 43. Bd3 Rc8 44. Kf4 Nf7 45. Ke3 Ng5 46. Bf1 Nf7 47. Bd3 Nh6 48. Kd2 Nf5 49. Be2 Rh8 50. Ra6 Rh2 51. Kd3 g5 52. Ra8 Rh3 53. Kd2 Nh4 54. Rb8 Kf7 55. Rb7+ Kg6 56. Rb6 Kf5 57. Rb8 Nxf3+ 58. Kd1 g4 59. Rg8 Kf4 0-1

[Event "Mecklenburg VP LL2 West 1617"]
[Site "Mecklenburg VP"]
[Date "2017.02.26"]
[Round "6.2"]
[White "Buss, Stephan"]
[Black "Jung, Werner"]
[Result "1/2-1/2"]
[WhiteElo "1955"]
[BlackElo "2011"]
[PlyCount "36"]
[EventDate "2016.10.16"]
[EventType "team-tourn"]
[EventRounds "9"]
[EventCountry "GER"]
[SourceTitle "EXT 2022"]
[Source "ChessBase"]
[SourceDate "2021.10.06"]
[SourceVersion "1"]
[SourceVersionDate "2021.10.06"]
[SourceQuality "1"]
[WhiteTeam "Kuehlungsborn SV Empor"]
[BlackTeam "Schwerin SF IV"]
[WhiteTeamCountry "GER"]
[BlackTeamCountry "GER"]

1. d4 e6 2. Bf4 f5 3. c4 Nf6 4. Nc3 d6 5. f3 Nh5 6. Be3 Nc6 7. Nh3 Be7 8. Qd2 e5 9. g3 exd4 10. Bxd4 Nxd4 11. Qxd4 Bf6 12. Qd3 Bxc3+ 13. Qxc3 0-0 14. Rd1 Qe7 15. Rd2 Be6 16. Bg2 f4 17. g4 Rae8 18. Nf2 Nf6 1/2-1/2

[Event "Mecklenburg VP LL2 West 1415"]
[Site "Mecklenburg VP"]
[Date "2014.11.23"]
[Round "3.3"]
[White "Fleischer, Matthias"]
[Black "Buss, Stephan"]
[Result "1-0"]
[WhiteElo "1719"]
[BlackElo "1887"]
[PlyCount "79"]
[EventDate "2014.09.21"]
[EventType "team-tourn"]
[EventRounds "9"]
[EventCountry "GER"]
[SourceTitle "EXT 2022"]
[Source "ChessBase"]
[SourceDate "2021.10.06"]
[SourceVersion "1"]
[SourceVersionDate "2021.10.06"]
[SourceQuality "1"]
[WhiteTeam "Schwerin SV Einheit"]
[BlackTeam "Kuehlungsborn SV Empor"]
[WhiteTeamCountry "GER"]
[BlackTeamCountry "GER"]

1. d4 g6 2. c4 Bg7 3. Nc3 c5 4. d5 d6 5. e4 e5 6. Bd3 Ne7 7. h4 h5 8. Nh3 Na6 9. a3 Bg4 10. Qb3 Qd7 11. f3 Bxh3 12. Rxh3 f5 13. Bg5 0-0 14. Qc2 f4 15. Rh1 Nc7 16. b4 b6 17. Ke2 Rfb8 18. Rag1 a6 19. g4 Kf7 20. gxh5 gxh5 21. Bxe7 Qxe7 22. Rg5 Rh8 23. Qa4 Bf6 24. Rf5 Ne8 25. Qc6 Ng7 26. Qxb6 Nxf5 27. exf5 cxb4 28. Ne4 bxa3 29. Nxd6+ Kg7 30. Rg1+ Kh7 31. Ne4 Rhf8 32. Rg6 Rab8 33. Nxf6+ Rxf6 34. Qxb8 Rf8 35. Qb6 Qf7 36. Qxa6 Rg8 37. Qxa3 e4 38. Bxe4 Re8 39. Re6 Qg7 40. f6+ 1-0

[Event "Mecklenburg VP LL2 West 1415"]
[Site "Mecklenburg VP"]
[Date "2014.09.21"]
[Round "1.3"]
[White "Buss, Stephan"]
[Black "Schmidt, Joerg"]
[Result "0-1"]
[WhiteElo "1887"]
[BlackElo "1917"]
[PlyCount "46"]
[EventDate "2014.09.21"]
[EventType "team-tourn"]
[EventRounds "9"]
[EventCountry "GER"]
[SourceTitle "EXT 2022"]
[Source "ChessBase"]
[SourceDate "2021.10.06"]
[SourceVersion "1"]
[SourceVersionDate "2021.10.06"]
[SourceQuality "1"]
[WhiteTeam "Kuehlungsborn SV Empor"]
[BlackTeam "Malchow Schachinsel"]
[WhiteTeamCountry "GER"]
[BlackTeamCountry "GER"]

1. d4 d5 2. Bf4 c6 3. Nf3 Nf6 4. e3 Bf5 5. c4 e6 6. Qb3 Qb6 7. c5 Qxb3 8. axb3 Nbd7 9. h3 Be7 10. Nc3 0-0 11. g4 Be4 12. Nxe4 Nxe4 13. Bd3 f5 14. g5 e5 15. Nxe5 Nxe5 16. Bxe5 Nxg5 17. Ke2 a6 18. Rhg1 Rae8 19. Rg2 Ne6 20. Rag1 g6 21. b4 Bf6 22. Rxg6+ hxg6 23. Rxg6+ Bg7 0-1

[Event "Mecklenburg VP LL2 West 1314"]
[Site "Mecklenburg VP"]
[Date "2014.01.19"]
[Round "5.4"]
[White "Buss, Stephan"]
[Black "Krueger, Gerhard"]
[Result "1-0"]
[WhiteElo "1891"]
[BlackElo "1866"]
[PlyCount "57"]
[EventDate "2013.10.27"]
[EventType "team-tourn"]
[EventRounds "9"]
[EventCountry "GER"]
[SourceTitle "EXT 2022"]
[Source "ChessBase"]
[SourceDate "2021.10.06"]
[SourceVersion "1"]
[SourceVersionDate "2021.10.06"]
[SourceQuality "1"]
[WhiteTeam "Kuehlungsborn SV Empor"]
[BlackTeam "Schwerin SF IV"]
[WhiteTeamCountry "GER"]
[BlackTeamCountry "GER"]

1. d4 d5 2. Bf4 Nf6 3. e3 e6 4. Nf3 Bd6 5. Ne5 Nbd7 6. Nd2 Qe7 7. Bd3 c5 8. c3 c4 9. Bc2 b5 10. 0-0 Bb7 11. Qf3 0-0 12. Qh3 h6 13. g4 Ne4 14. Rad1 Bxe5 15. dxe5 Ng5 16. Qg3 Nc5 17. Bxg5 hxg5 18. Qh3 g6 19. Qh6 Rfd8 20. Nf3 Qf8 21. Qxg5 Ne4 22. Qh4 Kg7 23. Ng5 Nxg5 24. Qxg5 b4 25. f4 bxc3 26. f5 exf5 27. gxf5 Qe8 28. fxg6 fxg6 29. Rf6 1-0

[Event "Mecklenburg VP LL2 West 1314"]
[Site "Mecklenburg VP"]
[Date "2013.11.24"]
[Round "3.4"]
[White "Buss, Stephan"]
[Black "Konrad, Andreas"]
[Result "0-1"]
[WhiteElo "1891"]
[BlackElo "1757"]
[PlyCount "54"]
[EventDate "2013.10.27"]
[EventType "team-tourn"]
[EventRounds "9"]
[EventCountry "GER"]
[SourceTitle "EXT 2022"]
[Source "ChessBase"]
[SourceDate "2021.10.06"]
[SourceVersion "1"]
[SourceVersionDate "2021.10.06"]
[SourceQuality "1"]
[WhiteTeam "Kuehlungsborn SV Empor"]
[BlackTeam "Mecklenburger Springer SC"]
[WhiteTeamCountry "GER"]
[BlackTeamCountry "GER"]

1. d4 Nf6 2. Nf3 g6 3. Bf4 Bg7 4. Nbd2 d6 5. c3 0-0 6. e3 b6 7. Bd3 Bb7 8. h4 Nh5 9. Qc2 Nd7 10. g4 Nxf4 11. exf4 e5 12. fxe5 dxe5 13. h5 exd4 14. 0-0-0 dxc3 15. bxc3 Bxf3 16. Nxf3 Qf6 17. hxg6 fxg6 18. Bc4+ Kh8 19. Rxd7 Qxf3 20. Bd5 Qxg4 21. f3 Qg5+ 22. Kb1 Rad8 23. f4 Qg4 24. Rxd8 Rxd8 25. Be4 Rd6 26. Qa4 Qe6 27. Qxa7 Qxe4+ 0-1

[Event "Mecklenburg VP LL2 West 1314"]
[Site "Mecklenburg VP"]
[Date "2013.11.20"]
[Round "2.4"]
[White "Herde, Dittmar"]
[Black "Buss, Stephan"]
[Result "1/2-1/2"]
[WhiteElo "1807"]
[BlackElo "1891"]
[PlyCount "66"]
[EventDate "2013.10.27"]
[EventType "team-tourn"]
[EventRounds "9"]
[EventCountry "GER"]
[SourceTitle "EXT 2022"]
[Source "ChessBase"]
[SourceDate "2021.10.06"]
[SourceVersion "1"]
[SourceVersionDate "2021.10.06"]
[SourceQuality "1"]
[WhiteTeam "Rostock SSC 07 III"]
[BlackTeam "Kuehlungsborn SV Empor"]
[WhiteTeamCountry "GER"]
[BlackTeamCountry "GER"]

1. d4 f5 2. c4 Nf6 3. Nf3 d6 4. Nc3 Nbd7 5. Qc2 g6 6. b3 Bg7 7. Bb2 0-0 8. Rd1 Re8 9. e3 Nf8 10. Be2 e6 11. 0-0 h6 12. e4 Bd7 13. e5 N6h7 14. c5 d5 15. b4 g5 16. Kh1 g4 17. Ng1 Qh4 18. Qd2 Ng6 19. g3 Qe7 20. f4 h5 21. Bb5 c6 22. Bd3 h4 23. Rf2 Kf7 24. Kg2 Rh8 25. Kf1 Rag8 26. Qc2 Nhf8 27. Rdd2 Bh6 28. Nd1 Ke8 29. a4 a6 30. Bc1 Qg7 31. Rde2 hxg3 32. hxg3 Rh7 33. Qb2 Ne7 1/2-1/2